| 000 | 00704nam a22001937a 4500 | ||
|---|---|---|---|
| 005 | 20241004143638.0 | ||
| 010 | _aENG-141905 | ||
| 020 |
_c525.00 _a9788119403578 |
||
| 035 | _aEN-125437 | ||
| 037 | _bDBAD | ||
| 082 |
_a345.405002632 _21 |
||
| 100 |
_aMaheshwari, Bharat P. _972386 |
||
| 245 |
_aThe Bharatiya Nyaya Sanhita, 2023 (45 of 2023 & TheIndian Penal Code (45 of 1860)/ _cBy Bharat P. Maheshwari |
||
| 260 |
_bLexis Nexis _c2024 _aGurgaon |
||
| 270 |
_a14th Floor; Building No. 10 Tower -B , DLF Cyber City ,Phase-II _bGurgaon _e122002 _k+91-124-4774444 _l+91-124-4774100 |
||
| 300 | c |
_a358p. _c24cm(pb) |
|
| 500 | i | _aIncludes index | |
| 942 |
_2ddc _cEN _mMAH _h345.405002632 |
||
| 999 |
_c206112 _d206112 |
||